|
|
|
|
| LEADER |
01662nam a2200469 a 4500 |
| 001 |
001395356 |
| 003 |
CZ BrMZK |
| 005 |
20260318140043.0 |
| 007 |
ta |
| 008 |
140618s1971 sw a g 000 j cze |
| 020 |
|
|
|q (Brož.)
|
| 035 |
|
|
|a (OCoLC)186473315
|
| 040 |
|
|
|a BOA001
|b cze
|
| 043 |
|
|
|a e-cs---
|
| 045 |
|
|
|a x4x6
|
| 072 |
|
7 |
|a 821.162.3-3
|x Česká próza
|2 Konspekt
|9 25
|
| 080 |
|
|
|a 821.162.3-32
|2 MRF
|
| 080 |
|
|
|a 323.28
|2 MRF
|
| 080 |
|
|
|a 323.28-051
|2 MRF
|
| 080 |
|
|
|a 343.819
|2 MRF
|
| 080 |
|
|
|a 343.81
|2 MRF
|
| 080 |
|
|
|a 323.28:329.15
|2 MRF
|
| 080 |
|
|
|a (437)
|2 MRF
|
| 080 |
|
|
|a (0:82-96)
|2 MRF
|
| 080 |
|
|
|a (0:82-32)
|2 MRF
|
| 100 |
1 |
|
|a Danius, John,
|d 1913-1990
|7 jo20261290208
|4 aut
|
| 245 |
1 |
0 |
|a Zrod satanova atomu.
|n Díl I.,
|p K smrti odsouzený vypráví /
|c John Danius
|
| 246 |
3 |
0 |
|a K smrti odsouzený vypráví
|
| 260 |
|
|
|a [Hägersten :
|b K.J. Krušina],
|c c1971
|
| 300 |
|
|
|a 160 s. :
|b il. ;
|c 18 cm
|
| 648 |
|
7 |
|a 1948-1968
|7 ch460677
|2 czenas
|
| 650 |
0 |
7 |
|a politická perzekuce
|7 ph124236
|z Československo
|y 1948-1968
|2 czenas
|
| 650 |
0 |
7 |
|a političtí vězni
|7 ph124262
|z Československo
|y 1948-1968
|2 czenas
|
| 650 |
0 |
7 |
|a pracovní tábory
|7 ph115874
|z Československo
|y 1948-1968
|2 czenas
|
| 650 |
0 |
7 |
|a věznice
|7 ph127394
|z Československo
|y 1948-1968
|2 czenas
|
| 650 |
0 |
7 |
|a zločiny komunismu
|7 ph139150
|z Československo
|y 1948-1968
|2 czenas
|
| 655 |
|
7 |
|a české příběhy
|7 fd133973
|2 czenas
|
| 655 |
|
7 |
|a literatura faktu
|7 fd132773
|2 czenas
|
| 910 |
|
|
|a BOA001
|b 1-0950.424,1
|
| 990 |
|
|
|a BK
|
| 991 |
|
|
|b 201407
|e b
|
| 996 |
6 |
|
|b 2610595505
|c 1-0950.424,1
|l MZK
|r Sklad / do 1 hodiny
|n 1
|p dar
|w 001430501
|u 000010
|a 1
|e BOA001
|j MZK50
|s P
|